ბათუმის შოთა რუსთაველის სახელმწიფო უნივერსიტეტის ბიბლიოთეკა

Korea contemporary art exhibition 19-23 june 2013 : (ბიბ.ჩანაწერი № 42428)

000 -LEADER
fixed length control field 00619nam a2200193Ia 4500
001 - CONTROL NUMBER
control field 9124
003 - CONTROL NUMBER IDENTIFIER
control field GE_BSU
005 - DATE AND TIME OF LATEST TRANSACTION
control field 20240607164141.0
008 - FIXED-LENGTH DATA ELEMENTS--GENERAL INFORMATION
fixed length control field 181216s2013||||enk|||||||||||||| ||eng||
040 ## - CATALOGING SOURCE
Transcribing agency GE_BSU
041 ## - LANGUAGE CODE
Language code of text/sound track or separate title eng
080 ## - UNIVERSAL DECIMAL CLASSIFICATION NUMBER
Universal Decimal Classification number 7(519) K-75
245 ## - TITLE STATEMENT
Title Korea contemporary art exhibition 19-23 june 2013 :
Remainder of title Intitational exhibition of ministry of culture and Monument Protection of Georgia.
264 ## - PRODUCTION, PUBLICATION, DISTRIBUTION, MANUFACTURE, AND COPYRIGHT NOTICE
Date of production, publication, distribution, manufacture, or copyright notice 2013.
300 ## - PHYSICAL DESCRIPTION
Extent 61 p. :
Other physical details ill. ;
Dimensions 28 cm.
653 ## - INDEX TERM--UNCONTROLLED
keyword Intitational exhibition of ministry of culture and Monument Protection
653 ## - INDEX TERM--UNCONTROLLED
keyword Korea contemporary art exhibition
942 ## - ADDED ENTRY ELEMENTS (KOHA)
Koha item type წიგნი
Source of classification or shelving scheme
ეგზემპლარები
Withdrawn status Lost status Source of classification or shelving scheme Damaged status Not for loan Permanent Location Current Location Shelving location Date acquired Full call number Barcode Date last seen Copy number Price effective from Koha item type
          ბათუმის შოთა რუსთაველის სახელმწიფო უნივერსიტეტის მთავარი ბიბლიოთეკა ბათუმის შოთა რუსთაველის სახელმწიფო უნივერსიტეტის მთავარი ბიბლიოთეკა წიგნსაცავი 2018-12-17 7(519) K-75 26809 2018-12-17 26809 2018-12-17 წიგნი